Informe 2008/2009 (Registro nro. 1805)

Detalles MARC
000 -LEADER
fixed length control field 01110 a2200229 4500
001 - CONTROL NUMBER
control field 29147
005 - DATE AND TIME OF LATEST TRANSACTION
control field 20260407155600.0
008 - FIXED-LENGTH DATA ELEMENTS--GENERAL INFORMATION
fixed length control field 260407a2009 arg spa d
003 - CONTROL NUMBER IDENTIFIER
control field AR-UNSa-BCEJYS
040 ## - CATALOGING SOURCE
Original cataloging agency AR-UNSa-BCEJYS
Language of cataloging spa
Transcribing agency AR-UNSa-BCEJYS
080 ## - UNIVERSAL DECIMAL CLASSIFICATION NUMBER
Universal Decimal Classification number 658.017.2/3
Common auxiliary subdivision Tamaño de la empresa (Pymes)
041 ## - LANGUAGE CODE
Language code of text/sound track or separate title spa
100 1# - MAIN ENTRY--PERSONAL NAME
Personal name Donato, Vicente N.
245 10 - TITLE STATEMENT
Title Informe 2008/2009
Name of part/section of a work Evolución reciente, situación actual y desafíos futuros de la Pyme industriales
264 #1 - PRODUCTION, PUBLICATION, DISTRIBUTION, MANUFACTURE, AND COPYRIGHT NOTICE
Place of production, publication, distribution, manufacture Buenos Aires :
Name of producer, publisher, distributor, manufacturer Fundación Observatorio PyME
Date of production, publication, distribution, manufacture, or copyright notice 2009
300 ## - PHYSICAL DESCRIPTION
Extent 89 p.
Dimensions 29 cm.
505 ## - FORMATTED CONTENTS NOTE
Formatted contents note 1. Desempeño productivo y expectativas de la Pyme industriales - 2. Inversión, recursos humanos y TICs - 3. Indicadores económico-financieros - 4. Información por sector industrial - 5. Información por macro región geográfica
590 ## - LOCAL NOTE (RLIN)
Local note niveau_biblio:m niveau_hierar:0
700 1# - ADDED ENTRY--PERSONAL NAME
Personal name Fundación Observatorio Pyme
856 41 - ELECTRONIC LOCATION AND ACCESS
Uniform Resource Identifier <a href="https://biblioeco.unsa.edu.ar/pmb/images/libros/Evolucion reciente, situacion actual y desafios futuros de las PyME industriales-l125016.jpg">https://biblioeco.unsa.edu.ar/pmb/images/libros/Evolucion reciente, situacion actual y desafios futuros de las PyME industriales-l125016.jpg</a>
Link text Imagen de portada
Electronic format type image/jpeg
942 ## - ADDED ENTRY ELEMENTS (KOHA)
Koha item type
Existencias
Withdrawn status Lost status Damaged status Not for loan Home library Current library Shelving location Date acquired Total checkouts Full call number Barcode Date last seen Price effective from Koha item type
        Biblioteca Prof. Eusebio Cleto del Rey Biblioteca Prof. Eusebio Cleto del Rey   07/04/2026   658.017.2/3 D677/2009 L125016 07/04/2026 07/04/2026 Libro